[Event "RUS-Cup01 Chigorin Memorial"]
[Site "St Petersburg"]
[Date "1997.11.04"]
[Round "4"]
[White "Kobalia, Mihail"]
[Black "Aseev, Konstantin N"]
[Result "1/2-1/2"]
[WhiteElo "2495"]
[BlackElo "2545"]
[Annotator "Gofshtein,L"]
[PlyCount "38"]
[EventDate "1997.11.01"]
[EventType "swiss"]
[EventRounds "9"]
[EventCountry "RUS"]
[SourceTitle "CBM 062"]
[Source "ChessBase"]
[SourceDate "1998.01.31"]
[SourceVersion "1"]
[SourceVersionDate "1998.01.31"]
[SourceQuality "1"]

1. e4 c5 2. Nf3 d6 3. d4 cxd4 4. Nxd4 Nf6 5. Nc3 Nc6 6. Bg5 e6 7. Qd2 Be7 8.
O-O-O O-O 9. f4 Nxd4 10. Qxd4 a6 11. Bc4 (11. Be2 Qa5 12. e5 (12. Bf3 h6 13. h4
Rd8 14. Qf2 Bd7 15. Kb1 Rac8 16. Rd3 Kf8 17. g4 Be8 18. Bxf6 Bxf6 19. Nd1 Qc5
20. Qg2 Bb5 21. Rd2 g6 22. g5 Bg7 23. h5 hxg5 24. hxg6 fxg6 25. Rh7 Be8 26. Qh3
gxf4 {Berelovich,A-Aseev,K/Sochi 1993/CBM 38/0-1 (48)}) 12... dxe5 13. fxe5 Nd5
14. Bxe7 Nxe7 15. Bd3 Nf5 16. Qf4 Rb8 17. Kb1 b5 18. Ne4 Qc7 19. g4 Ne7 20. Nd6
Bb7 21. Rhf1 Bd5 22. g5 Rbd8 23. Qh4 g6 24. Be4 Rxd6 25. exd6 Qxd6 {Tiviakov,
S-Aseev,K/St.Petersburg zt 1993/CBM 34/ - (44)}) (11. Rd3 b5 12. Bxf6 (12. Rg3
Nh5 13. Bxe7 Qxe7 14. Rf3 Nxf4 $17 {Vydeslaver-Nor,Israel 1996}) 12... Bxf6 13.
Qxd6 Bb7 14. Qxd8 Bxd8 15. a3 Ba5 16. Re3 f5 17. Bd3 Rac8 18. Nb1 Rfd8 19. Rd1
g6 $11 {Minasian-Aseev,St Peterburg 1993}) 11... Qc7 $146 (11... b5 12. Bb3 Qc7
13. f5 Rb8 14. Rhf1 b4 15. Ne2 e5 16. Qd3 a5 17. Kb1 Rb6 18. Qf3 Ba6 19. g4 Rc8
20. Rd2 Nxe4 21. Qxe4 Bxg5 22. Rdd1 Bc4 23. Bxc4 Qxc4 24. Ng3 Rbc6 25. Rf2 Bh4
26. Qf3 a4 27. f6 Bxf6 28. Nf5 e4 29. Qf4 b3 30. axb3 axb3 31. cxb3 Qxb3 32.
Rxd6 Rc2 33. Rb6 Rxb2+ 34. Rxb2 Qd1+ {0-1 Turzo,A-Kiss,A/Balatonbereny op 1996/
EXP 53}) 12. Bb3 $6 $11 (12. e5 $142 dxe5 13. fxe5 Bc5 (13... Rd8 14. Qf4 $16)
(13... Nd5 14. Bxe7 Nxe7 15. Rhe1 $16) 14. Qh4 Qxe5 15. Rhe1 Qc7 16. Bd3 $18)
12... Rd8 13. e5 (13. Rhe1 Bd7 14. f5 exf5 $2 15. Bxf6 Bxf6 16. Nd5 Bxd4 17.
Nxc7 Rac8 18. Rxd4 Rxc7 19. Rxd6 $18) 13... dxe5 14. Qxe5 Qb6 15. Qe2 (15. f5
Bd7 16. Rde1 Ng4 17. Qf4 Bxg5 18. Qxg5 exf5 19. Nd5 Qh6) 15... Bd7 16. f5 Qc5
$1 17. Bxf6 $8 Bxf6 18. fxe6 Bxe6 19. Bxe6 Bxc3 1/2-1/2

[Event "RUS-Cup01 Chigorin Memorial"]
[Site "St Petersburg"]
[Date "1997.11.08"]
[Round "8"]
[White "Yemelin, Vasily"]
[Black "Klimov, Sergey"]
[Result "1-0"]
[WhiteElo "2480"]
[BlackElo "2355"]
[Annotator "Gofshtein,L"]
[PlyCount "101"]
[EventDate "1997.11.01"]
[EventType "swiss"]
[EventRounds "9"]
[EventCountry "RUS"]
[SourceTitle "CBM 062"]
[Source "ChessBase"]
[SourceDate "1998.01.31"]
[SourceVersion "1"]
[SourceVersionDate "1998.01.31"]
[SourceQuality "1"]

1. e4 {Hecht} c5 2. Nf3 Nc6 3. d4 cxd4 4. Nxd4 Nf6 5. Nc3 d6 6. Bg5 e6 7. Qd2
a6 8. O-O-O h6 9. Bf4 Bd7 10. Nxc6 Bxc6 11. Qe1 Qa5 12. Bc4 (12. f3 Rd8 13. h4
Be7 14. Kb1 b5 15. Bd3 b4 16. Ne2 Qb6 17. g4 Nd7 18. g5 Ne5 19. Nc1 h5 20. Bxe5
dxe5 21. Qg3 Bd6 22. Bc4 Bb5 23. Bxb5+ Qxb5 24. Nd3 g6 25. b3 $14 {Garsia M.
-Schrancz,Balatonbereny 1984}) 12... Be7 (12... O-O-O 13. f3 Nd7 14. a3 Qc7 15.
Ba2 g5 16. Bg3 Ne5 17. h4 Bg7 18. Qd2 Rhg8 19. hxg5 hxg5 20. Rh7 Qe7 21. Qe3
Bf6 22. Qa7 Rh8 23. Rxh8 Rxh8 24. Ne2 Qc7 {- Marciano,D-Relange,E/Philidor mem
1995/EXT 97}) 13. Bb3 (13. f3 b5 14. Bb3 Qc7 15. g4 O-O 16. h4 a5 17. e5 dxe5
18. Bxe5 Qc8 19. g5 $13 {Rodriges-Beljavsky,Moskow 1982}) 13... Rd8 (13... Qc7
14. f3 b5 {- Byrne,R-Csom,I/Nice olm 1974/MCD-ol}) 14. f3 b5 (14... Qc7 15. g4
b5 16. a3 a5 17. h4 {- Gurevich,I-Dzindzichashvili,R/USA-ch 1992/TD 92\10}) 15.
Bd2 (15. g4 b4 16. Ne2 e5 17. Bd2 d5 $132) 15... Qb6 16. Ne2 $5 d5 (16... O-O
17. Kb1) 17. Ba5 Qe3+ 18. Kb1 Rc8 (18... dxe4 19. Bxd8 Bxd8 20. Nd4 Qxe1 21.
Rhxe1 Bb7 22. a4 $16) (18... Rd7 19. Rd4 (19. Nd4 Qxe1 20. Rhxe1 Bb7 21. e5 $16
) 19... dxe4 20. Bd2 Qxd4 21. Nxd4 Rxd4 22. Bc3 Rd7 23. fxe4) 19. Rd4 b4 (19...
Bc5 20. Bd2 Bxd4 21. Bxe3 Bxe3 22. exd5 Bxd5 23. Nc3 $16) 20. Bxb4 Bxb4 21.
Rxb4 a5 (21... dxe4 22. Nd4 Qxe1+ 23. Rxe1 Ba8 24. Rb6 exf3 25. gxf3 $16) 22.
Rd4 dxe4 23. f4 O-O (23... Bb5 24. c4 a4 25. Qb4 $1 Bc6 26. Bxa4 $16) 24. Bc4 (
24. h4 Ng4 25. Rh3 Qf2 26. Qxf2 Nxf2 $13 27. Rg3) 24... Bd5 $2 (24... Rfd8 25.
Rxd8+ Rxd8 26. Qxa5 $14) (24... a4 $5 25. h4 Ng4 26. Rh3 Qf2 $132) 25. Bb5 Rc5
$6 (25... Bc6 $142) 26. c4 Bb7 27. h4 Ng4 28. Rh3 Qf2 29. Qxf2 Nxf2 30. Ra3 e5
(30... e3 31. Rxa5 Bxg2 32. b4 Rh5 33. c5 $16) 31. fxe5 Rxe5 32. Rxa5 e3 (32...
f5 33. g3) 33. b4 Bxg2 34. c5 Bf1 35. c6 Rxb5 (35... Rc8 36. Ba6 Rxa5 37. Bxc8
Bxe2 38. bxa5 Bd3+ 39. Rxd3 Nxd3 40. Bg4 $18) 36. Rxb5 Bxe2 37. Re5 Bd3+ 38.
Ka1 Rc8 (38... e2 39. c7 $18) 39. Rxe3 Rxc6 40. Rexd3 Nxd3 41. Rxd3 {[#] Hecht:
Freibauernrennen mit Mehrtempo für Weiß} g5 (41... Rc4 {Hecht} 42. Rb3 {
[%cal Rb4b5,Rb5b6]}) 42. hxg5 hxg5 43. b5 Rc8 (43... Rc4 44. b6 Rb4 45. Rb3)
44. b6 Kh7 (44... g4 45. a4 Ra8 (45... f5 46. a5 f4 47. b7 $18) 46. b7 $18) (
44... Rb8 {Hecht} 45. Rb3 g4 46. a4 f5 47. a5 f4 48. Rb4 $18 Rf8 49. b7 g3 50.
Rxf4) 45. a4 g4 46. a5 Rc5 47. b7 (47. Ra3 {Hecht} g3 $1) 47... Rxa5+ 48. Kb2
Rb5+ 49. Rb3 Rxb7 50. Rxb7 Kg6 51. Kc2 1-0

[Event "EU-Cup 19th"]
[Site "Rethymno"]
[Date "2003.10.03"]
[Round "6.3"]
[White "Nedev, Trajce"]
[Black "Borriss, Martin"]
[Result "1-0"]
[WhiteElo "2480"]
[BlackElo "2445"]
[Annotator "Gofshtein,L"]
[PlyCount "55"]
[EventDate "2003.09.28"]
[EventType "team-swiss"]
[EventRounds "7"]
[EventCountry "GRE"]
[SourceTitle "CBM 098"]
[Source "ChessBase"]
[SourceDate "2004.02.03"]
[SourceVersion "1"]
[SourceVersionDate "2004.02.03"]
[SourceQuality "1"]
[WhiteTeam "Skopje"]
[BlackTeam "Berlin SF"]
[WhiteTeamCountry "MKD"]
[BlackTeamCountry "GER"]

1. e4 c5 2. Nf3 d6 3. d4 cxd4 4. Nxd4 Nf6 5. Nc3 Nc6 6. Bg5 e6 7. Qd2 a6 8.
O-O-O Bd7 9. f3 h6 10. Be3 Qc7 11. g4 Na5 12. h4 b5 13. Rg1 $146 {[%mdl 8] A
novelty. White's idea is to keep the rook on h1 unexchanged after g4-g5. The
previously played 13.Bd3 seems more logical, in this case after 13...b4 white
has the e2 square for the knight} (13. Bd3 $5 g6 14. Rhe1 Nc4 15. Bxc4 Qxc4 16.
Kb1 b4 17. Nce2 a5 $132 {1-0 Skrzypnik,M-Miton,K/Krakow 1999/EXT 2002 (55)})
13... b4 $5 {White is forced to retreat with the knight to b1 since after 14.
Ne2 black has 14...Nc4} 14. Nb1 e5 15. Nb3 {15.Nf5 was much more dangerous for
black, pactically forcing him to exchange his light-squared bishop and to open
the g-file.} (15. Nf5 $5 d5 (15... Bxf5 16. gxf5 Nc4 (16... Rc8 17. b3 $16) 17.
Bxc4 Qxc4 18. b3) 16. exd5 b3 17. Qc3 $16) 15... Nc4 (15... Nxb3+ $5 16. axb3
d5 $5 17. exd5 (17. g5 hxg5 18. hxg5 d4 19. gxf6 dxe3 $17) 17... Bd6 $44) 16.
Bxc4 Qxc4 17. g5 {White has an obvious edge in development and that's why he
tries to open the position.} hxg5 18. hxg5 Nh5 19. Nc5 $5 {White uses tactics
to bring the knight to a more active position} Bc6 20. b3 Qb5 21. Nd3 a5 22. g6
{Taking advantage of the fact that the black king is still in the centre,
white continues to open the position} f5 (22... Qb7 23. Nb2 {[%csl Yd6][%cal
Rb2c4,Rc4d6]}) 23. Rg5 $1 {[%mdl 128] By energetic moves and with the help pf
a piece sacrifice, white reaches his target - breaking the pawn chain near the
black king} fxe4 {Makes white's task easier but also after 23...f4 white's
attack is very dangerous} (23... f4 24. Bd4 $1 Be7 25. Nxe5 $1 Bxg5 26. Nf7 Kd7
27. Nxd6 $40) 24. Nxe5 $1 dxe5 25. Qh2 $1 $18 {[%csl Re5]} Be7 26. Rxe5 Qb8 27.
Bc5 O-O 28. Qxh5 1-0

[Event "EU-Cup 19th"]
[Site "Rethymno"]
[Date "2003.10.03"]
[Round "6.6"]
[White "Timofeev, Artyom"]
[Black "Tseitlin, Mark D"]
[Result "1-0"]
[WhiteElo "2575"]
[BlackElo "2456"]
[Annotator "Gofshtein,L"]
[PlyCount "69"]
[EventDate "2003.09.28"]
[EventType "team-swiss"]
[EventRounds "7"]
[EventCountry "GRE"]
[SourceTitle "CBM 098"]
[Source "ChessBase"]
[SourceDate "2004.02.03"]
[SourceVersion "1"]
[SourceVersionDate "2004.02.03"]
[SourceQuality "1"]
[WhiteTeam "Kazan Ladya"]
[BlackTeam "Beer Sheva"]
[WhiteTeamCountry "RUS"]
[BlackTeamCountry "ISR"]

1. e4 c5 2. Nf3 d6 3. d4 cxd4 4. Nxd4 Nf6 5. Nc3 Nc6 6. Bg5 e6 7. Qd2 a6 8.
O-O-O Be7 9. f3 Nxd4 $5 {[%mdl 4] A natural response to 9.f3. Black exchanges
in the centre, finishes his development and prepares a counterplay on the
queenside} 10. Qxd4 b5 11. Kb1 {Other moves are also possible. 11.d4 or 11.Qd2
usually lead to the same positions with a different move order.} (11. h4 Bb7 (
11... Qa5 12. Kb1 b4 13. Ne2 e5 14. Qd2 Be6 15. Nc1 O-O 16. Nb3 Qa4 17. g4 Rfd8
$132 {1/2-1/2 Rodriguez,A-Magem Badals,J/Manresa 1996/EXT 98 (43)}) (11... Qc7
12. Qd2 Bb7 13. Ne2 d5 14. e5 Nd7 15. Bxe7 Kxe7 16. f4 h6 $36 {1-0
Goloshchapov,A-Khurtsidze,N/Moscow 2002/CBM 88 (55)}) 12. Qd2 Rc8 13. Bd3 b4
14. Ne2) 11... Bb7 12. h4 Qc7 {The alternatives 12...Rc8 and 12...0-0 also
give black a fine game} (12... Rc8 $5 13. Qd2 Qc7 14. Bd3 h6 15. Be3 Nd7 16.
Ne2 Ne5 17. Nd4 d5 $132 {0-1 Nevednichy,V-Lerner,K/Bad Woerishofen 2000/CBM 75
ext (41)}) (12... O-O $5 13. Qd2 Qc7 14. Bd3 Rfd8 15. Ne2 e5 16. Bxf6 Bxf6 17.
g4 d5 $132 {Rest illegible. 1/2-1/2 Skrzypnik,M-Shishkin,V/Polanica Zdroj 2001/
EXT 2002 (41)}) 13. g4 Rc8 {[%cal Rc7c2]} 14. Be3 (14. Qd2 $2 b4 15. Ne2 Nxe4
$19) 14... d5 $5 {Black has many moves here that allow him a good position.
Besides the move in the game, 14...e5 or 14...0-0 are also good.} (14... b4 15.
Qxb4 d5 16. Qa4+ Bc6 17. Qxa6) (14... e5 $5 15. Qd2 b4 16. Na4 Nd7 $132) (14...
O-O $5) 15. g5 e5 $5 {A piece sacrifice after 15...de deserved attention} (
15... dxe4 $1 16. gxf6 Bxf6 $5 17. Qd2 Bxc3 18. bxc3 O-O $44) (15... Nh5 $6 16.
exd5 Bxd5 17. Nxd5 $1 Qxc2+ 18. Ka1 exd5 19. Bh3 $36) 16. Qd2 d4 17. gxf6 dxe3
$2 {[%mdl 8192] A big mistake, which leads to a losing position. 17...Bf6 was
neccesary with an unclear position} (17... Bxf6 $5 18. Nxb5 (18. Bh3 Rd8 $132)
18... axb5 19. Bxb5+ Bc6 20. Bxc6+ Qxc6 $44) 18. fxg7 $1 Rg8 19. Qxe3 Rxg7 {
Black probably missed that 19...b4 is impossible in view of 20.Qh6 or 20.Bh3} (
19... b4 20. Qh6 $1 (20. Bh3 $1 bxc3 21. Qh6) 20... bxc3 21. Qxh7 Rxg7 22. Qxg7
$18) 20. Bh3 Rd8 21. Rxd8+ Qxd8 22. Rd1 Qc7 23. Qh6 $18 {Besides the extra
pawn white also has a large positional advantage} Bf8 24. Qh5 b4 25. Ne2 {
Mozet but eshe silnee 25. Nd5} (25. Nd5 $5 Bxd5 26. exd5 $18) 25... Bc6 26. Nc1
{[%cal Rc1b3,Rc1d3] White activizes his knight which is still not in a game}
Ba4 27. b3 (27. Nb3 $5) 27... Bb5 28. Bg4 {Closing the g-file for a rook} Bc5
29. Qh6 Bf8 $6 (29... Kf8 $5 {White's last few moves weren't very active and
his advantage slightly reduced. After the correct 29...Kf8 black could have
put a stuble resistance}) 30. Qh5 Bc5 31. Qh6 Bf8 32. Qf6 $1 {Bringing the
queen to an active position and taking over the initiative again} Rg6 33. Qf5
$18 Bc5 (33... Be7 34. h5 Rh6 35. Nd3 $36) 34. h5 Rc6 (34... Rg7 35. h6 Rg6 36.
Bh5) 35. Rd7 1-0

[Event "EU-Cup 13th Group6"]
[Site "Heraklion"]
[Date "1997.10.11"]
[Round "2"]
[White "Almasi, Zoltan"]
[Black "Atalik, Suat"]
[Result "0-1"]
[WhiteElo "2615"]
[BlackElo "2590"]
[Annotator "Gofshtein,L"]
[PlyCount "74"]
[EventDate "1997.10.10"]
[EventType "team-k.o."]
[EventRounds "3"]
[EventCountry "GRE"]
[SourceTitle "EXT 2020"]
[Source "ChessBase"]
[SourceDate "2019.10.17"]
[SourceVersion "1"]
[SourceVersionDate "2019.10.17"]
[SourceQuality "1"]
[WhiteTeam "Budapest Honved Mediflora"]
[BlackTeam "Heraklion"]
[WhiteTeamCountry "HUN"]
[BlackTeamCountry "GRE"]

1. e4 c5 2. Nf3 d6 3. d4 cxd4 4. Nxd4 Nf6 5. Nc3 Nc6 6. Bg5 e6 7. Qd2 a6 8.
O-O-O Nxd4 9. Qxd4 Be7 10. f4 b5 11. Bxf6 (11. Be2 Bb7 12. Bf3 Qc7 13. Bxf6
gxf6 14. f5 Rc8 15. fxe6 fxe6 16. Bg4 Kf7 17. Bh5+ Kg7 18. e5 Rhd8 19. Qg4+ Kh8
20. exd6 Rxd6 21. Rxd6 Bxd6 22. Qxe6 Be5 $17 {Garcia,Gild-Smirin/New York 1997}
) 11... gxf6 12. e5 (12. f5 Qc7 13. Be2 Qc5 14. fxe6 fxe6 15. Qxc5 dxc5 16.
Bh5+ Kf8 17. e5 f5 18. g4 $16 {Short-Yermolinsky/Wijk an Zee 1997}) 12... d5 (
12... dxe5 $2 13. Qe4 Bd7 14. Rxd7 $1 Kxd7 15. Bxb5+ axb5 16. Rd1+ $16) 13. Kb1
Rg8 (13... b4 $2 14. Ne2 a5 15. Ng3 f5 16. Nh5 Rb8 17. g4 fxg4 18. f5 Rg8 19.
Nf6+ Bxf6 20. exf6 Qd6 21. Bg2 $16 {Kasparov-Hracek/Erevan olm 1996}) 14. Bd3 (
14. Ne2 Bb7 15. Ng3 fxe5 16. fxe5 Qc7 17. Re1 O-O-O 18. Bd3 h5 19. Rhf1 Rg4 20.
Qf2 Bh4 21. Qxf7 Qxf7 22. Rxf7 Kb8 23. Rh7 Rg5 24. Rh6 Bc8 25. a4 bxa4 26. Bg6
Bxg3 27. hxg3 Rxg3 28. Bxh5 Rf8 {Pang Haomin-Gurevich.D,Groningen 1996 0/1})
14... f5 15. Qf2 Bb7 16. Ne2 h5 17. Qf3 $2 (17. Nd4 $5) 17... h4 $2 18. g3 $6 (
18. Nd4 Qc7 19. g3 O-O-O) 18... Bc5 $1 $17 19. Rhf1 $6 (19. c3 Qe7 20. Nd4 b4
21. Bc2) 19... Qe7 20. Nc1 O-O-O 21. gxh4 $2 (21. Nb3 Bb6 22. c3) 21... Kb8 $1
(21... Qxh4 22. Bxb5 axb5 23. Qc3) 22. h5 Qh4 23. Qe2 Rh8 24. a4 {white tries
to create counter-play on the Queen's side but after the exchange of Queens he
has really no play there} Qxh5 25. axb5 Qxe2 26. Bxe2 axb5 27. Bxb5 Rxh2 {
black has a big advantage here,thanks to his pair of bishops,and white
weakness the "f4" pawn} 28. Rh1 Rxh1 29. Rxh1 Be3 30. Nd3 Kc7 31. Rh7 Rf8 32.
Rh3 d4 33. Bc4 Kb6 34. b4 $2 (34. Ka2) 34... Bd2 35. Kb2 Ra8 36. Nc5 Bc6 37.
Kb3 Bxf4 0-1

[Event "Kramatorsk"]
[Site "Kramatorsk"]
[Date "2003.08.04"]
[Round "10"]
[White "Arzumanian, Georgy"]
[Black "Kuzmin, Gennadi P"]
[Result "1-0"]
[WhiteElo "2418"]
[BlackElo "2516"]
[Annotator "Gofshtein,L"]
[PlyCount "53"]
[EventDate "2003.07.29"]
[EventType "tourn"]
[EventRounds "14"]
[EventCountry "UKR"]
[EventCategory "10"]
[SourceTitle "CBM 097"]
[Source "ChessBase"]
[SourceDate "2003.11.11"]
[SourceVersion "1"]
[SourceVersionDate "2003.11.11"]
[SourceQuality "1"]

1. e4 c5 2. Nf3 Nc6 3. d4 cxd4 4. Nxd4 Nf6 5. Nc3 d6 6. Bg5 e6 7. Qd2 a6 8.
O-O-O h6 9. Nxc6 {'!?} bxc6 10. Bf4 (10. Bh4 $5 Be7 11. e5 (11. Bg3) 11... dxe5
12. Qe1 Qa5 13. Bg3 Nd7 14. Bc4 Rb8 $132 {0-1 Forster,M-Relange,E/London 1996/
CBM 55 (27)}) 10... d5 11. Qe3 (11. a3 Be7 12. Bd3 Bb7 13. h4 Nd7 14. exd5 cxd5
15. g4 Bxh4 16. Kb1 Be7 17. g5 h5 18. g6 $44 {Murrey-Martin  Manchester 1981})
11... Qe7 {[%cal Re7a7,Ra7e3] This is a relatively new line, another main
lines, such as,11...Bb4,11...Be7 and 11...Qa5 had a big tournament practice.
From one side black prepares e6-e5 and from the other he activizes his queen,
usually via a7.} ({2)} 11... Qa5) (11... Qa5) (11... Bb4) 12. exd5 {As the
tournament practice shows white has the initiative also without the exchange
on d5} (12. Be2 Qa7 13. Qf3 $5 {white's idea is to prevent d4} (13. Qg3 $5 Bd7
14. Be5 h5 15. Rhe1 Be7 16. h4 Kf8 17. Bf3 Rh6 18. Bd4 Qb8 19. Qg5 $36 {
1-0 Ristic,N-Ivanovic,B/Vrnjacka Banja 1999/EXT 2000 (36)}) 13... Bb7 (13...
Be7 14. Qg3 $5 {[%csl Rg7][%cal Yg3g7]} d4 $2 {Black does not endure pressure
on white's pieces, and makes decisive mistake.} (14... Kf8 $5) 15. e5 $1 dxc3
16. Qxg7 $1 Nd5 (16... Rg8 17. exf6 $18) (16... cxb2+ 17. Kb1 $36) 17. Qxh8+
Kd7 18. Be3 Qb7 19. bxc3 Rb8 20. Rxd5+ $5 (20. Bd3 $5 Qb2+ 21. Kd2 Qxc3+ 22.
Ke2) 20... cxd5 21. Rd1 $5 {1-0 Malakhov,V-Chernyshov,K/Elista 2001/CBM 83/
[Gofshtein,L] (64)}) 14. Qg3 d4 15. e5 Nd5 16. Nxd5 cxd5 $132 {1/2-1/2 Dobrov,
V-Chernyshov,K/Pardubice 2001/CBM 83 ext (64)}) 12... cxd5 13. Be2 {This is
typical for this kind of positions, white covers the h5 square in case of the
eventual Qg3} Bb7 $146 {[%mdl 8] Not a very successful novelty, but also in
case of 13...Qa7 white has the initiative} (13... Qa7 14. Qg3 d4 15. Qd3 Bd7
16. Qxd4 Bc5 17. Qe5 Bxf2 18. Bf3 Rc8 19. Rd3 $36 {1-0 Chandler,M-Bellin,R/
England 2000/CBM 78 ext (50)}) 14. Qg3 Rc8 {[%cal Rc8c3]} 15. Rhe1 Qc5 {
[%cal Gc5c2,Gc8c3] Black tries to organize a counterplay via the c-file} 16.
Bf3 {Prevents d5-d4 and opens the e-file for Re1} h5 {Black tries to corrupt
the coordination of white's pieces, besides black's rook also can enter the
game by Rh6} 17. Be5 Rh6 (17... h4 $5 18. Qg5 Qe7 19. h3 Nd7 20. Qxe7+ Kxe7 21.
Bxd5 exd5 22. Bxg7+ Kd6 23. Bxh8 Bh6+ 24. Kb1 Rxh8 25. Nxd5 Bxd5 26. c4 Nf6
$132) 18. Bd4 Qc4 $5 {Black defends very well, although also after 18...Qd6 he
has good chances for a successful defence.} (18... Qd6 19. Bxf6 Qxg3 20. hxg3
Rxf6 21. Nxd5 Bxd5 22. Rxd5 Bc5) 19. Bxf6 Rxf6 20. Bxd5 Bxd5 21. Rxd5 h4 $1 {
This move is the point of black's defence. White must give up the pawn on f2}
22. Qe3 {Other moves are not better, for example:} (22. Qe5 Rxf2 23. Rd4 Qc5
$132) 22... Bc5 23. Qe4 Bxf2 24. Re2 Bg1 {Black sharpens the game. The simple
24...Rf4 gave him a comfortable play.} (24... Rf4 $5 25. Qe5 (25. Qh7 $4 Qxe2
$19) 25... Kf8 26. Rd3 Bg1 $132) 25. Rd1 Bxh2 $6 {A critical moment in the
game. Black overestimates his defence resources and allows white's queen to
enter his camp. It was necessary to exchange queens. In this case the position
remained far from clear} (25... Qxe4 $5 26. Nxe4 Bxh2 27. Nxf6+ gxf6 $44) 26.
Qh7 Be5 $4 {[%mdl 8192] A great error, but also after 26...g5 or 26...Bf4
white's edge is undoubtful} (26... g5 27. Ree1 Rf2 28. Qg8+ Ke7 29. Qxg5+ (29.
Nd5+ Qxd5 30. Qxc8 $36 Bf4+ 31. Kb1 Rd2 $1 32. Rxd2 Qxd2 $13) 29... Kf8 30. Kb1
$16) (26... Bf4+ 27. Kb1 g5 28. Ree1 $1 Qc5 29. Qh8+ Ke7 30. Nd5+ Qxd5 31. Qxc8
$18) 27. Rxe5 1-0

[Event "CRO-ch 6th"]
[Site "Pula"]
[Date "1998.01.20"]
[Round "11"]
[White "Fercec, Nenad"]
[Black "Palac, Mladen"]
[Result "0-1"]
[WhiteElo "2455"]
[BlackElo "2545"]
[Annotator "Gofshtein,L"]
[PlyCount "56"]
[EventDate "1998.01.09"]
[EventType "tourn"]
[EventRounds "13"]
[EventCountry "CRO"]
[EventCategory "9"]
[SourceTitle "CBM 064"]
[Source "ChessBase"]
[SourceDate "1998.06.02"]
[SourceVersion "1"]
[SourceVersionDate "1998.06.02"]
[SourceQuality "1"]

1. e4 c5 2. Nf3 Nc6 3. d4 cxd4 4. Nxd4 Nf6 5. Nc3 d6 6. Bg5 e6 7. Qd2 a6 8.
O-O-O h6 9. Be3 Be7 10. f4 Qc7 11. Be2 (11. Kb1 b5 12. Bd3 Bb7 13. Rhe1 O-O $13
) 11... Bd7 (11... Na5 $6 12. e5 $1 dxe5 13. fxe5 Qxe5 (13... Nd5 14. Nxe6 $1
Bxe6 15. Nxd5 $18 Bxd5 16. Qxd5) (13... Nd7 14. Nf5 $1 exf5 15. Nd5 Qxe5 (15...
Qd8 16. e6 $1 $18) 16. Bf4 Bg5 17. Bxg5 hxg5 18. Rhe1 $18) 14. Bf4 Qc5 15. Na4
Qd5 16. Kb1 $1 $16) 12. Bf3 $6 (12. Nb3 $5 Na5 13. Nxa5 Qxa5 14. Kb1 Bc6 15.
Bf3 Qc7 16. Rhe1 $16) (12. g4 $5 b5 13. g5 hxg5 14. fxg5 b4 15. Nd5 exd5 16.
gxf6 Bxf6 17. Nxc6 Qxc6 18. exd5 $14) (12. Kb1 Nxd4 13. Qxd4 Bc6 14. g4 Nd7 15.
h4 Bf6 16. Qxd6 Qxd6 17. Rxd6 Bxc3 18. bxc3 Nf6 19. Bd3 Bxe4 $15) 12... Na5 13.
Kb1 (13. b3 $142 Rc8 14. Kb2 b5 $132) 13... Rc8 14. Qf2 (14. Qe2 b5 $17) 14...
Nc4 $17 15. Bc1 $8 Qb6 $1 16. Qg3 $2 (16. Rd3 $2 e5 $19) (16. Qg1 Na3+ 17. Ka1
Rxc3 18. bxa3 e5 19. Bb2 $5 Rc4 20. fxe5 dxe5 21. Nf5 Qxg1 22. Rhxg1 Bxf5 23.
exf5 e4 24. Be2 Rxc2 $17) (16. Qe1 Na3+ 17. Ka1 Qxd4 $17) (16. Rhf1 $142 $5
Na3+ 17. Ka1 Rxc3 18. bxa3 e5 $17) 16... Na3+ 17. Ka1 Rxc3 18. bxa3 (18. bxc3
Qb1#) 18... Nxe4 19. Qe1 (19. Qxg7 $2 Bf6) 19... d5 $1 20. Bxe4 Rc4 $1 21. Bb2
$2 (21. Bxd5 Rxd4 $17) (21. Bd3 Rxd4 (21... Qxd4+ 22. Bb2 Qxf4 23. Rf1) 22. Be3
Bc5 23. Qc3 Qa7 (23... Ke7 $2 24. Rb1 Qa7 25. Rxb7 $18) (23... O-O 24. Bxd4
Bxd4 25. Bh7+ Kxh7 26. Qxd4) (23... Rxd3 24. Rxd3 Bxe3 25. Rxe3 d4 26. Qb3 g6)
24. Rhe1 Ke7 $17) 21... dxe4 22. Qxe4 Bf6 23. Qd3 Qc7 $19 24. g4 $2 O-O 25. g5
hxg5 26. fxg5 Bxd4 27. Bxd4 Ba4 28. Rc1 Rd8 0-1